Teaching of science / (Record no. 139365)

MARC details
000 -LEADER
fixed length control field 00527nam a22001817a 4500
005 - DATE AND TIME OF LATEST TRANSACTION
control field 20170428155926.0
010 ## - LCCN (DPL NO)
LC control number ENG-117990
020 ## - INTERNATIONAL STANDARD BOOK NUMBER
International Standard Book Number 8187818956
Terms of availability 350.00
035 ## - SYSTEM CONTROL NUMBER
System control number EN-101522
037 ## - SOURCE OF ACQUISITION
Source of stock number/acquisition DBAD/PUB
082 ## - DEWEY DECIMAL CLASSIFICATION NUMBER
Classification number 507.1
100 ## - MAIN ENTRY--PERSONAL NAME
Personal name Rawat,Hemant
245 ## - TITLE STATEMENT
Title Teaching of science /
Statement of responsibility, etc by Hemant Rawat
260 ## - PUBLICATION, DISTRIBUTION, ETC. (IMPRINT)
Place of publication, distribution, etc New Delhi
Name of publisher, distributor, etc Lakshay Publication
Date of publication, distribution, etc 2011
270 ## - ADDRESS
Address 7/26, Ground Floor, Ansari Road, Daryaganj
City New Delhi
Postal code 110002
300 ## - PHYSICAL DESCRIPTION
Extent 313p.
Dimensions 23cm (pbk)
942 ## - ADDED ENTRY ELEMENTS (KOHA)
Source of classification or shelving scheme Dewey Decimal Classification
Item type English Books
Classification part 507.1
Call number suffix RAW
Holdings
Withdrawn status Lost status Not for loan Collection code Home library Current library Date acquired Source of acquisition Cost, normal purchase price Full call number Barcode Copy number Cost, replacement price Koha item type
    Not For Loan Non-fiction D.B.Act.Division Bawana 28/04/2017 DBAD/PUB 350.00 507.1 RAW EN-101522 1 350.00 English Books

© Delhi Public Library
Hit Counter
free hit counter